[Event "BLR-ch"]
[Site "Minsk"]
[Date "2001.??.??"]
[Round "1"]
[White "Veremeichik, Vladimir"]
[Black "Kolesnik, Eduard"]
[Result "1/2-1/2"]
[WhiteElo "2401"]
[BlackElo "2425"]
[PlyCount "81"]
[EventDate "2001.03.??"]
[EventType "tourn"]
[EventRounds "11"]
[EventCountry "BLR"]
[EventCategory "7"]
[SourceTitle "CBM 081 Extra"]
[Source "ChessBase"]
[SourceDate "2001.05.06"]
[SourceVersion "1"]
[SourceVersionDate "2001.05.06"]
[SourceQuality "1"]

1. d4 d5 2. c4 c6 3. Nf3 Nf6 4. Nc3 dxc4 5. a4 Bf5 6. Nh4 e6 7. Nxf5 exf5 8. e3 Bd6 9. Bxc4 0-0 10. h3 Ne4 11. 0-0 Qe7 12. Nxe4 fxe4 13. f3 Nd7 14. fxe4 Qxe4 15. Qb3 Nf6 16. Bd3 Qe7 17. Bd2 Ne4 18. Qc2 Rae8 19. Bxe4 Qxe4 20. Qxe4 Rxe4 21. Rac1 f5 22. b3 g6 23. Rc4 f4 24. exf4 Bxf4 25. Bxf4 Rfxf4 26. Rd1 Rf5 27. d5 cxd5 28. Rc7 Rb4 29. Rd3 Rf7 30. Rc8+ Rf8 31. Rc7 Rf7 32. Rc8+ Kg7 33. Rd8 Rf5 34. Rd7+ Kh6 35. Rc3 d4 36. Rcc7 Rxb3 37. Rxd4 Rb2 38. Rh4+ Rh5 39. Re4 Rf5 40. Rh4+ Rh5 41. Re4 1/2-1/2

[Event "BLR-ch"]
[Site "Minsk"]
[Date "2001.??.??"]
[Round "10"]
[White "Veremeichik, Vladimir"]
[Black "Smirnov, Valerij"]
[Result "1/2-1/2"]
[WhiteElo "2401"]
[BlackElo "2378"]
[PlyCount "70"]
[EventDate "2001.03.??"]
[EventType "tourn"]
[EventRounds "11"]
[EventCountry "BLR"]
[EventCategory "7"]
[SourceTitle "CBM 081 Extra"]
[Source "ChessBase"]
[SourceDate "2001.05.06"]
[SourceVersion "1"]
[SourceVersionDate "2001.05.06"]
[SourceQuality "1"]

1. d4 d6 2. e4 Nf6 3. f3 c5 4. c3 cxd4 5. cxd4 g6 6. Be3 Bg7 7. Nc3 0-0 8. Qd2 a6 9. Bd3 e5 10. d5 Ne8 11. Nge2 f5 12. a4 f4 13. Bf2 Bf6 14. Nc1 Bh4 15. Bxh4 Qxh4+ 16. Qf2 Qe7 17. Kd2 a5 18. Nb3 Nd7 19. Bb5 Nc5 20. Nxc5 dxc5 21. Bxe8 Rxe8 22. Rhd1 b6 23. Ke1 Bb7 24. Ra3 Red8 25. Rb3 Qf6 26. Nb5 Rd7 27. Na3 Ba6 28. Rc3 Rd6 29. Rd2 g5 30. b3 h5 31. Nc4 Bxc4 32. bxc4 Ra7 33. Kd1 Rg7 34. Rb3 Kh7 35. Kc2 Rg6 1/2-1/2

[Event "BLR-ch"]
[Site "Minsk"]
[Date "2000.??.??"]
[Round "5"]
[White "Azarov, Sergei Nikolaevich"]
[Black "Veremeichik, Vladimir"]
[Result "1/2-1/2"]
[WhiteElo "2429"]
[BlackElo "2364"]
[PlyCount "30"]
[EventDate "2000.??.??"]
[EventType "tourn"]
[EventRounds "11"]
[EventCountry "BLR"]
[EventCategory "7"]
[SourceTitle "EXT 2001"]
[Source "ChessBase"]
[SourceDate "2000.11.22"]
[SourceVersion "1"]
[SourceVersionDate "2000.11.22"]
[SourceQuality "1"]

1. e4 c5 2. Nf3 Nc6 3. c3 Nf6 4. e5 Nd5 5. d4 cxd4 6. Bc4 Nb6 7. Bb3 d5 8. exd6 Qxd6 9. 0-0 Be6 10. Bxe6 Qxe6 11. Nxd4 Nxd4 12. Qxd4 Rd8 13. Qh4 h5 14. h3 Qe2 15. Qg3 Qd3 1/2-1/2